Sławni ludzie - Słowianie Wschodni - Statystyki

Ogólne statystyki
  • Ten quiz został rozwiązany 20 razy
  • Średni wynik to 3 z 15
Statystyki odpowiedzi
Państwo pochodzenia Opis Sławna osoba % Poprawnych
Rosja Prezydent Rosji Władimir Putin
100%
Ukraina Kiedyś komik, obecnie prezydent Ukrainy Wołodymyr Zełeński
47%
Rosja Autor "Zbrodni i kary" Fiodor Dostojewski
33%
Ukraina Odpowiedzialny za zbrodnię wołyńską Stepan Bandera
33%
Ukraina Piłkarz. Zdobywca Złotej Piłki 2004 Andrij Szewczenko
27%
Białoruś Prezydent Białorusi Alaksandr Łukaszenka
13%
Ukraina Zwyciężczyni Eurowizji 2016 Jamala
7%
Białoruś Kandydatka na prezydenta Białorusi w 2020 roku Swiatłana Cichanouska
7%
Rosja Popularny rosyjski raper i producent muzyczny. Znany ze współpracy z artystami międzynarodowymi i zaangażowania w biznes (np. sieć Black Star Burger) Timati
7%
Rosja Łyżwiarka. Mistrzyni Rosji w 2018 roku Alina Zagitowa
0%
Ukraina Autorka utworów "Lisowa pisnia" czy "Na skrzydłach pieśni" Lesia Ukrainka
0%
Białoruś Jeden z popularnych raperów w państwach byłego ZSRR. Wydał album o nazwie "Psychos Hit The Top" Maks Korż
0%
Rosja Tenisistka. Zwyciężczyni wszystkich turniejów Wielkiego Szlema Maria Sharapova
0%
Ukraina Inżynier. Ojciec radzieckiej kosmonautyki Siergiej Korolow
0%
Białoruś Miss Białorusi 2008 Wolha Chiżynkowa
0%
Nie znaleziono quizów pasujących do podanych kryteriów
Rozkład punktacji
Procent ludzi z każdym wynikiem
Percentyl według liczby udzielonych odpowiedzi
Twoja historia wyników
Nie rozwiązałeś tego quizu